01833nam a2200349 a 4500001001000000003000900010005001700019007000300036008004100039040003000080041000800110082002500118100003500143245010100178264004200279300004500321336002700366337003300393338002800426590002600454650002900480650003100509700003900540910004100579942001400620952014800634952014800782952013700930952014201067952025701209999001701466000012599DO-SdBNP20250131102102.0ta091113s1994 dr a 000 j spa d aDO-SdBNPbspacBNPHUerda hspa aRD863.44bP438es2221 aPérez, Faustinoeautor9194510aEse libro se llama :brelatos de Faustino Pérez /cFaustino Pérez; prólogo César Rodher. aSanto Domingo :bAlfa & Omega,c1994. a122 páginas :bilustraciones ;c21 cm. ardacontentbtexto2txt ardamediabsin mediación2n ardacarrierbvolumen2nc aInventariado, 2020/VM 0aCuentos dominicanos9176 0aLiteratura dominicana.96712aRodher, César,eprólogo929297 aValidado. Control de calidad MMOLINA 2ddccLBS1 00102ddc56708DSaBNPHUbBNPHUcHDd2009-11-13l0oBNPHU DS RD863.44 P438esp12599-30r2020-06-25te.3w2020-06-25yLBS1ZPréstamo en sala 00102ddc56708DSaBNPHUbBNPHUcHDd2009-11-13l0oBNPHU DS RD863.44 P438esp12599-40r2020-06-25te.4w2020-06-25yLBS1ZPréstamo en sala 00102ddc51708PDaBNPHUbBNPHUcHDd2009-11-13l0oBNPHU PD RD863.44 P438esp12599-10r2020-06-25w2020-06-25yLBS1ZNo se presta 00102ddc51708PDaBNPHUbBNPHUcHDd2009-11-13l0oBNPHU PD RD863.44 P438esp12599-20r2020-06-25te.2w2020-06-25yLBS1ZNo se presta 00102ddc56708DSaBNPHUbBNPHUcHDd2025-01-31edonado por la Presidencia de la República Dominicana 2023l0oBNPHU DS RD863.44 P438esp2025-0660r2025-01-31te.5w2025-01-31yLBS1zPertenecio a la biblioteca personal de René Rodríguez Soriano c12254d12254